| 000 | 00499nam a22001577a 4500 | ||
|---|---|---|---|
| 003 | OSt | ||
| 005 | 20161111144711.0 | ||
| 008 | 161111b xxu||||| |||| 00| 0 eng d | ||
| 040 | _cRUA | ||
| 082 | _aVEM SOR 1994 B009 Or.1 | ||
| 100 |
_911282 _aSORN SOTHEARIDDH; ស៊ន សុធារិទ្ធ |
||
| 245 | _aជំងឺGUMBORO នៅប្រទេសកម្ពុជា; GUMBORO DISEASE IN CAMBODIA | ||
| 260 |
_aPHNOM PENH _bSOR _c1994 |
||
| 300 |
_a50p. _bill. _c29cm. |
||
| 942 |
_2ddc _cVEM |
||
| 999 |
_c10851 _d10851 |
||